Progresívne prístupy v manažmente výrobných systémov

Úvod, história, a začiatky automatizácie. Základné pojmy a teória so zdôvodnením prínosov a nákladov automatizácie a priemyselnej revolúcie 4.0. Prípadová štúdia, komparácia dvoch výrobných závodov nadnárodnej spoločnosti, pričom závod v Nemecku je automatizovaný, a závod na Slovensku je poloautoma...

ver descrição completa

Na minha lista:
Detalhes bibliográficos
Autor principal: Matejov, Lubomír
Formato: Capítulo de Livro
Idioma:eslovaco
Assuntos:
Tags: Adicionar Tag
Sem tags, seja o primeiro a adicionar uma tag!

MARC

LEADER 00000nla a2200000 4500
001 0242325
005 20240417075136.8
041 0 |a slo 
044 |a SK 
245 1 0 |a Progresívne prístupy v manažmente výrobných systémov  |c Lubomír Matejov 
520 |a Úvod, história, a začiatky automatizácie. Základné pojmy a teória so zdôvodnením prínosov a nákladov automatizácie a priemyselnej revolúcie 4.0. Prípadová štúdia, komparácia dvoch výrobných závodov nadnárodnej spoločnosti, pričom závod v Nemecku je automatizovaný, a závod na Slovensku je poloautomatizovaný. 
610 2 0 |a automatizácia 
610 2 0 |a mechanizácia 
610 2 0 |a história 
610 2 0 |a pojmy 
610 2 0 |a náklady 
610 2 0 |a priemysel 4.0 
610 2 0 |a podnik priemyselný 
610 2 0 |a Slovensko 
610 2 0 |a Nemecko 
610 2 0 |a analýza komparatívna 
100 1 |a Matejov, Lubomír